[Event "8 Player Open 3"]
[Site "SchemingMind.com"]
[Date "2014.06.14"]
[Round "-"]
[White "Shanks"]
[Black "emvarela"]
[Result "1-0"]
[WhiteCountry "ENG"]
[BlackCountry "ARG"]
[WhiteElo "1442"]
[WhiteRD "71"]
[BlackElo "1677"]
[BlackRD "48"]
[GameID "359944"]

1. d4 Nf6 2. Nc3 e6 3. e4 Bb4 4. Bd3 Bxc3+ 5. bxc3 O-O 6. e5 Nd5 7. Bd2 d6 8. c4 Nb6 9. c3 dxe5 10. c5 N6d7
11. Be3 exd4 12. cxd4 c6 13. Nf3 b5 14. O-O a5 15. Qc2
1-0

[Event "8 Player Open 3"]
[Site "SchemingMind.com"]
[Date "2014.06.15"]
[Round "-"]
[White "emvarela"]
[Black "Shanks"]
[Result "0-1"]
[WhiteCountry "ARG"]
[BlackCountry "ENG"]
[WhiteElo "1677"]
[WhiteRD "48"]
[BlackElo "1442"]
[BlackRD "71"]
[GameID "359945"]

1. e4 d6 2. d4 a6 3. c4 Nf6 4. Nc3 g6 5. Nf3 Bg7 6. Bd3 O-O 7. O-O h5 8. Be3 c5 9. d5 Nbd7 10. Qc2 Ne5
11. Nxe5 dxe5
0-1

[Event "8 Player Open 3"]
[Site "SchemingMind.com"]
[Date "2014.06.16"]
[Round "-"]
[White "Derek Price"]
[Black "Shanks"]
[Result "1-0"]
[WhiteCountry "ENG"]
[BlackCountry "ENG"]
[WhiteElo "2334"]
[WhiteRD "83"]
[BlackElo "1444"]
[BlackRD "77"]
[GameID "359992"]

1. d4 d5 2. c4 c6 3. Nf3 Nf6 4. e3 e6 5. Bd3 Nbd7 6. O-O h5 7. Nc3 Be7 8. b3 Nf8 9. Qc2 c5 10. dxc5 Bxc5
11. cxd5 exd5 12. Rd1 Be6 13. Nxd5 Bd6 14. Nxf6+ gxf6 15. Bb5+ Ke7 16. Nd4 Bg4 17. f3 Bc8 18. Qe4+ Be6 19. Nf5#
1-0

[Event "8 Player Open 3"]
[Site "SchemingMind.com"]
[Date "2014.06.16"]
[Round "-"]
[White "Shanks"]
[Black "Derek Price"]
[Result "0-1"]
[WhiteCountry "ENG"]
[BlackCountry "ENG"]
[WhiteElo "1442"]
[WhiteRD "71"]
[BlackElo "2358"]
[BlackRD "80"]
[GameID "359993"]

1. d4 d5 2. Nc3 Nf6 3. h3 e6 4. Nf3 Be7 5. e3 O-O 6. Be2 c5 7. O-O Nc6 8. Bd2 Bd7 9. Qc1 a6 10. Nd1 b5
11. Ne5 cxd4 12. Nxc6 Bxc6 13. exd4 Qb6 14. c3 b4 15. Be3 Bb5 16. Bxb5 axb5 17. cxb4 Bxb4 18. a3 Bd6 19. b4 Rfc8 20. Qb2 Ne4
21. Rc1 Rxc1 22. Qxc1 Qa6 23. f4 Qxa3 24. Qxa3 Rxa3 25. f5 Ng3 26. Rf3 Ra1 27. Kf2 Rxd1 28. Bf4 Bxf4 29. Rxf4 Nxf5 30. g4 Nxd4
31. Ke3 e5 32. Rf2 Rh1 33. g5 Rxh3+ 34. Kd2 Rg3 35. Rf1 Rxg5 36. Ra1 Nb3+
0-1

[Event "8 Player Open 3"]
[Site "SchemingMind.com"]
[Date "2014.06.17"]
[Round "-"]
[White "Derek Price"]
[Black "emvarela"]
[Result "1-0"]
[WhiteCountry "ENG"]
[BlackCountry "ARG"]
[WhiteElo "2358"]
[WhiteRD "80"]
[BlackElo "1677"]
[BlackRD "48"]
[GameID "359994"]

1. d4 Nf6 2. c4 e6 3. Nf3 Bb4+ 4. Bd2 Bxd2+ 5. Qxd2 O-O 6. g3 d5 7. Bg2 dxc4 8. Na3 c6 9. Nxc4 Nbd7 10. O-O Nb6
11. Nce5 h6 12. Rac1 Nfd7 13. Rfd1 Nxe5 14. Nxe5 Nd7 15. Qc3 Nxe5 16. dxe5 Qb6 17. Rc2 Qb5 18. Rcd2 c5 19. Be4 Rb8 20. Rd8 Rxd8
21. Rxd8+
1-0

[Event "8 Player Open 3"]
[Site "SchemingMind.com"]
[Date "2014.06.17"]
[Round "-"]
[White "emvarela"]
[Black "Derek Price"]
[Result "0-1"]
[WhiteCountry "ARG"]
[BlackCountry "ENG"]
[WhiteElo "1677"]
[WhiteRD "48"]
[BlackElo "2358"]
[BlackRD "80"]
[GameID "359995"]

1. e4 c5 2. Nf3 d6 3. d4 cxd4 4. Nxd4 Nf6 5. Nc3 a6 6. Bg5 e6 7. f4 Be7 8. Qf3 h6 9. Bxf6 Bxf6 10. Nb3 O-O
11. O-O-O Qc7 12. Rd3 Nc6 13. a3 b5 14. Na2 a5 15. Rc3 Bxc3 16. Qxc3 Qb6 17. Be2 b4 18. Qf3 bxa3 19. bxa3 a4 20. Nd2 Nd4
21. Nc4 Qc7 22. Qe3 Nxe2+ 23. Qxe2 Ba6
0-1

[Event "8 Player Open 3"]
[Site "SchemingMind.com"]
[Date "2014.06.15"]
[Round "-"]
[White "Derek Price"]
[Black "Scooter"]
[Result "1-0"]
[WhiteCountry "ENG"]
[BlackCountry "USA"]
[WhiteElo "2366"]
[WhiteRD "79"]
[BlackElo "1755"]
[BlackRD "48"]
[GameID "360005"]

1. d4 Nf6 2. c4 g6 3. g3 Bg7 4. Bg2 O-O 5. Nc3 d6 6. Nf3 Bg4 7. h3 Bxf3 8. Bxf3 c6 9. O-O Nbd7 10. Bg2 Re8
11. e4 e5 12. Be3 exd4 13. Bxd4 Ne5 14. Qb3 Qc7 15. Rad1 b6 16. f4 Ned7 17. Qc2 Rac8 18. Bf3 Kf8 19. b4 a5 20. b5 c5
21. Be3 Re7 22. g4 h6 23. g5 hxg5 24. fxg5 Nh7 25. Nd5
1-0

[Event "8 Player Open 3"]
[Site "SchemingMind.com"]
[Date "2014.06.15"]
[Round "-"]
[White "Scooter"]
[Black "Derek Price"]
[Result "0-1"]
[WhiteCountry "USA"]
[BlackCountry "ENG"]
[WhiteElo "1755"]
[WhiteRD "48"]
[BlackElo "2366"]
[BlackRD "79"]
[GameID "360006"]

1. d4 d5 2. Nf3 Nf6 3. Bf4 c5 4. e3 Nc6 5. c3 Qb6 6. Qb3 c4 7. Qxb6 axb6 8. Nbd2 b5 9. Be2 Bf5 10. O-O b4
11. Nh4 Bd7 12. h3 h6 13. Nhf3 bxc3 14. bxc3 Bf5 15. Ne5 Ra3 16. Nb1 Ra6 17. a4 Nxe5 18. Bxe5 Rb6 19. Nd2 Rb2
0-1

[Event "8 Player Open 3"]
[Site "SchemingMind.com"]
[Date "2014.06.15"]
[Round "-"]
[White "Shanks"]
[Black "Scooter"]
[Result "0-1"]
[WhiteCountry "ENG"]
[BlackCountry "USA"]
[WhiteElo "1442"]
[WhiteRD "71"]
[BlackElo "1759"]
[BlackRD "45"]
[GameID "360007"]

1. e4 c6 2. Nc3 d5 3. d4 dxe4 4. Nxe4 Bf5 5. Ng3 Bg6 6. Nf3 Nd7 7. c4 Qc7 8. Be2 O-O-O 9. Be3 Ngf6 10. b4 e6
11. a4 Bxb4+ 12. Kf1 Ne4 13. Nxe4 Bxe4 14. Ng1 Nf6 15. f3 Bg6 16. c5 Bxc5 17. dxc5 Rxd1+ 18. Rxd1 Bc2 19. Ra1 Qe5 20. Ra3 Qb2
21. Kf2 Qxa3 22. Nh3 Nd5 23. Bd4 e5 24. Bxe5 Qe3+ 25. Kf1 Qxe5 26. a5 Qa1+ 27. Kf2 Qxh1 28. Kg3 Ne3 29. f4 Qxg2+ 30. Kh4 Nf5+
0-1

[Event "8 Player Open 3"]
[Site "SchemingMind.com"]
[Date "2014.06.16"]
[Round "-"]
[White "Scooter"]
[Black "Shanks"]
[Result "1-0"]
[WhiteCountry "USA"]
[BlackCountry "ENG"]
[WhiteElo "1759"]
[WhiteRD "45"]
[BlackElo "1442"]
[BlackRD "71"]
[GameID "360008"]

1. d4 d5 2. Nf3 c6 3. Bf4 Nd7 4. e3 h6 5. h3 Ngf6 6. Be2 e6 7. O-O Be7 8. Nbd2 O-O 9. c4 c5 10. b3 cxd4
11. exd4 Bb4 12. Qc2 Be7 13. Ne5 Nb6 14. c5 Nbd7 15. Ndf3 Nxe5 16. Bxe5 Nh7 17. Bd3 f6 18. Bxh7+ Kh8 19. Bg3 f5 20. Bg6 Bd7
21. Ne5 Bc8 22. Nf7+ Kg8 23. Nxd8 Bxd8 24. Bd6 Rf6 25. Be8 g5 26. Qe2 b6 27. Qh5 bxc5 28. Be5 Rf8 29. Qg6#
1-0

[Event "8 Player Open 3"]
[Site "SchemingMind.com"]
[Date "2014.06.17"]
[Round "-"]
[White "emvarela"]
[Black "Scooter"]
[Result "0-1"]
[WhiteCountry "ARG"]
[BlackCountry "USA"]
[WhiteElo "1677"]
[WhiteRD "48"]
[BlackElo "1759"]
[BlackRD "45"]
[GameID "360009"]

1. e4 c6 2. d4 d5 3. exd5 cxd5 4. c4 Nf6 5. Nc3 e6 6. Bg5 Be7 7. cxd5 Nxd5 8. Bxe7 Nxe7 9. Bb5+ Bd7 10. Bxd7+ Nxd7
11. Nf3 O-O 12. O-O a6 13. Ne5 Rc8 14. Nxd7 Qxd7 15. Qa4 Qxa4 16. Nxa4 Rc4 17. Nc5 Rxd4 18. Nb3 Rc4 19. Rac1 Rfc8 20. Rxc4 Rxc4
21. Rc1 Rxc1+ 22. Nxc1 Nd5
0-1

[Event "8 Player Open 3"]
[Site "SchemingMind.com"]
[Date "2014.06.17"]
[Round "-"]
[White "Scooter"]
[Black "emvarela"]
[Result "1-0"]
[WhiteCountry "USA"]
[BlackCountry "ARG"]
[WhiteElo "1706"]
[WhiteRD "48"]
[BlackElo "1633"]
[BlackRD "47"]
[GameID "360010"]

1. d4 Nf6 2. Nf3 d5 3. Bf4 e6 4. e3 Bd6 5. Bxd6 Qxd6 6. c3 O-O 7. Be2 c5 8. O-O cxd4 9. cxd4 Bd7 10. Nbd2 Nc6
11. a3 e5 12. dxe5 Nxe5 13. b4 Nxf3+ 14. Nxf3 b5 15. Rc1 Rac8 16. Nd4 a6 17. Qd3 Rxc1 18. Rxc1 Rc8 19. Rxc8+ Bxc8 20. Nf5 Bxf5=
21. Qxf5 Qe6 22. Bd3 Qxf5 23. Bxf5 g6 24. Bc8 Ne4 25. Bxa6 Nc3 26. Kf1 f5 27. Ke1 Kf7 28. Kd2 Nb1+ 29. Kc2 Nxa3+ 30. Kb3 Nc4
31. Bxb5 Nb6 32. Bd3 Ke6 33. b5 g5 34. Kb4 h5 35. Ka5 Nd7 36. b6 f4 37. exf4 gxf4 38. Ka6 Kd6 39. Bb5 Nc5+ 40. Ka7 d4
41. b7 Nxb7 42. Kxb7 Kc5 43. Bd3 h4 44. Kc7 Kb4 45. Kd6 Kc3 46. Be2 d3 47. Bf3 d2 48. Ke5
1-0

[Event "8 Player Open 3"]
[Site "SchemingMind.com"]
[Date "2014.06.16"]
[Round "-"]
[White "capablanca"]
[Black "Derek Price"]
[Result "0-1"]
[WhiteCountry "GER"]
[BlackCountry "ENG"]
[WhiteElo "1662"]
[WhiteRD "78"]
[BlackElo "2366"]
[BlackRD "79"]
[GameID "360076"]

1. d4 d5 2. c4 c6 3. Nc3 Nf6 4. Bf4 e6 5. Nf3 dxc4 6. e4 b5 7. a4 b4 8. Ne2 Nxe4 9. Qc2 Qd5 10. Bxb8 b3
11. Qc1 Bb4+ 12. Nc3 Rxb8 13. Rb1 Bxc3+ 14. bxc3 Nxc3 15. Qxc3 Qe4+
0-1

[Event "8 Player Open 3"]
[Site "SchemingMind.com"]
[Date "2014.06.16"]
[Round "-"]
[White "Derek Price"]
[Black "capablanca"]
[Result "1-0"]
[WhiteCountry "ENG"]
[BlackCountry "GER"]
[WhiteElo "2334"]
[WhiteRD "83"]
[BlackElo "1664"]
[BlackRD "77"]
[GameID "360077"]

1. d4 d5 2. c4 dxc4 3. Nf3 Nf6 4. e3 Bf5 5. Bxc4 e6 6. O-O Be7 7. Nc3 O-O 8. Qe2 c6 9. e4 Bg4 10. Rd1 Qc7
11. h3 Bh5 12. Bg5 h6 13. Bh4 Nbd7 14. e5 Nd5 15. Nxd5 cxd5 16. Bxe7 Bxf3 17. Qxf3 Qxc4 18. Bxf8 Rxf8 19. Qa3 a6 20. Qe7 Qb5
21. a4
1-0

[Event "8 Player Open 3"]
[Site "SchemingMind.com"]
[Date "2014.06.16"]
[Round "-"]
[White "capablanca"]
[Black "Shanks"]
[Result "1-0"]
[WhiteCountry "GER"]
[BlackCountry "ENG"]
[WhiteElo "1702"]
[WhiteRD "73"]
[BlackElo "1442"]
[BlackRD "71"]
[GameID "360078"]

1. e4 e5 2. Nf3 d6 3. Bc4 h6 4. d4 Nd7 5. dxe5 dxe5 6. O-O Ngf6 7. Re1 Bd6 8. Nc3 a6 9. Nd5 Nh7 10. Bd2 Nb6
11. Nxb6 cxb6 12. Bc3 b5 13. Bb3 O-O 14. Nxe5 Bxe5 15. Bxe5 Qxd1 16. Raxd1 Ng5 17. f4 Ne6 18. f5 Nc5 19. Bd5 Nd7 20. Bxb7 Nxe5
21. Bxa8 f6 22. Bd5+ Kh8 23. b3 a5 24. Rd4 b4 25. Bc4 Nxc4 26. Rxc4 Ba6 27. Rc7 h5 28. Ra7 Bc8 29. Rxa5 h4 30. h3 Kh7
31. Rb5 Kh6 32. Rxb4 Bd7 33. Rd4
1-0

[Event "8 Player Open 3"]
[Site "SchemingMind.com"]
[Date "2014.06.16"]
[Round "-"]
[White "Shanks"]
[Black "capablanca"]
[Result "0-1"]
[WhiteCountry "ENG"]
[BlackCountry "GER"]
[WhiteElo "1442"]
[WhiteRD "71"]
[BlackElo "1702"]
[BlackRD "73"]
[GameID "360079"]

1. d4 d5 2. Nc3 Nf6 3. h3 Bf5 4. e3 e6 5. Nf3 Bb4 6. a3 Ba5 7. b4 Bb6 8. Bb2 Nbd7 9. b5 Ba5 10. a4 O-O
11. Be2 Nb6 12. O-O Rc8 13. Na2 Ne4 14. c3 c5 15. dxc5 Nxc5 16. c4 Nxc4 17. Bd4 Nd6 18. Bxc5 Rxc5 19. Nd4 Bg6 20. Nf3 Qf6
21. Nd4 Rfc8 22. Nf3 Rc2 23. Nd4 R2c7 24. Nb3 Bc2 25. Qd4 Bxb3 26. Qxf6 gxf6 27. Nc1 Bc4 28. Nd3 Bxd3 29. Bxd3 Rc3 30. Be2 Rc2
31. Bf3 Rb2 32. Rfe1 Bxe1 33. Kh2 Bxf2 34. Ra3 Nc4 35. Rd3 Ne5
0-1

[Event "8 Player Open 3"]
[Site "SchemingMind.com"]
[Date "2014.06.17"]
[Round "-"]
[White "capablanca"]
[Black "emvarela"]
[Result "0-1"]
[WhiteCountry "GER"]
[BlackCountry "ARG"]
[WhiteElo "1653"]
[WhiteRD "70"]
[BlackElo "1633"]
[BlackRD "47"]
[GameID "360080"]

1. e4 e5 2. Nf3 Nc6 3. Bc4 Bc5 4. d3 h6 5. Nc3 Nf6 6. Be3 Bxe3 7. fxe3 O-O 8. Qe2 d6 9. O-O-O Bg4 10. h3 Bxf3
11. Qxf3 Nh7 12. h4 Qf6 13. Nd5 Qxf3 14. gxf3 Rac8 15. Bb5 Rfe8 16. Rhg1 a6 17. Bxc6 bxc6 18. Nb4 Re6 19. Nxc6 f6 20. f4 exf4
21. exf4 g5 22. Rg3 Kf7 23. hxg5 hxg5 24. fxg5 Nxg5 25. Rf1 Kg6 26. Nd4 Re7 27. Kd2 Rh8 28. Nf5 Rh2+ 29. Kc3 Re5 30. b4 d5
31. exd5 Rxf5
0-1

[Event "8 Player Open 3"]
[Site "SchemingMind.com"]
[Date "2014.06.18"]
[Round "-"]
[White "emvarela"]
[Black "capablanca"]
[Result "1/2-1/2"]
[WhiteCountry "ARG"]
[BlackCountry "GER"]
[WhiteElo "1677"]
[WhiteRD "48"]
[BlackElo "1702"]
[BlackRD "73"]
[GameID "360081"]

1. e4 d5 2. exd5 Qxd5 3. Nc3 Qa5 4. d3 e5 5. Bd2 Nf6 6. Ne4 Qb6 7. Nxf6+ Qxf6 8. Qf3 Qxf3 9. Nxf3 Nc6 10. O-O-O Bc5
11. Be3 Bxe3+ 12. fxe3 O-O 13. a3 Bf5 14. Be2 Rad8 15. e4 Bg4 16. h3 Bxf3 17. gxf3 Nd4 18. Kd2 Nxe2 19. Kxe2 Rd6 20. Rd2 Rfd8=
1/2-1/2

[Event "8 Player Open 3"]
[Site "SchemingMind.com"]
[Date "2014.06.16"]
[Round "-"]
[White "capablanca"]
[Black "Scooter"]
[Result "0-1"]
[WhiteCountry "GER"]
[BlackCountry "USA"]
[WhiteElo "1664"]
[WhiteRD "77"]
[BlackElo "1774"]
[BlackRD "48"]
[GameID "360082"]

1. c4 Nf6 2. d4 g6 3. Nc3 Bg7 4. Nf3 O-O 5. e4 d6 6. Bd3 Bg4 7. Be3 Nbd7 8. h3 Bxf3 9. Qxf3 e5 10. d5 a6
11. O-O Nh5 12. b4 Qf6 13. Qxf6 Nhxf6 14. Rac1 b6 15. f4 exf4 16. Bxf4 Rfe8 17. Rce1 Nh5 18. Bd2 Ne5 19. Be2 Ng3 20. Rf2 Nxe2+
21. Rfxe2 Nxc4 22. Bf4 Bxc3 23. Rc1 Bd4+
0-1

[Event "8 Player Open 3"]
[Site "SchemingMind.com"]
[Date "2014.06.16"]
[Round "-"]
[White "Scooter"]
[Black "capablanca"]
[Result "0-1"]
[WhiteCountry "USA"]
[BlackCountry "GER"]
[WhiteElo "1774"]
[WhiteRD "48"]
[BlackElo "1664"]
[BlackRD "77"]
[GameID "360083"]

1. d4 d5 2. Nf3 c5 3. Bf4 cxd4 4. Nxd4 Nf6 5. Nd2 g6 6. h3 Bg7 7. e3 Nbd7 8. Be2 e5 9. Bxe5 Nxe5 10. O-O O-O
11. c4 Nxc4 12. Nxc4 dxc4 13. Bxc4 b6 14. Nc6 Qxd1 15. Rfxd1 Bb7 16. Ne7+ Kh8 17. Rac1 Ne4 18. b3 Rfe8 19. Rd7 Nc5 20. Rc7 Be5
21. Rxb7 Nxb7
0-1

[Event "8 Player Open 3"]
[Site "SchemingMind.com"]
[Date "2014.06.19"]
[Round "-"]
[White "capablanca"]
[Black "kenneth m day"]
[Result "0-1"]
[WhiteCountry "GER"]
[BlackCountry "USA"]
[WhiteElo "1702"]
[WhiteRD "73"]
[BlackElo "1754"]
[BlackRD "50"]
[GameID "360102"]

1. e4 e5 2. Nf3 Nc6 3. Bc4 Bc5 4. c3 Nf6 5. d4 exd4 6. cxd4 Bb4+ 7. Bd2 Qe7 8. e5 Ne4 9. Bxb4 Qxb4+ 10. Nbd2 Nxd2
11. Nxd2 Nxd4 12. O-O O-O 13. b3 Qc5 14. Re1 b5 15. Bd3 Re8 16. Qg4 Rxe5 17. Rxe5 Qxe5 18. Rc1 d5 19. Qd1 Bd7 20. Nf3 Nxf3+
21. Qxf3 Re8 22. h3 Qd6 23. Qh5 h6 24. Qf3 Re5 25. Kf1 c5
0-1

[Event "8 Player Open 3"]
[Site "SchemingMind.com"]
[Date "2014.06.18"]
[Round "-"]
[White "kenneth m day"]
[Black "capablanca"]
[Result "0-1"]
[WhiteCountry "USA"]
[BlackCountry "GER"]
[WhiteElo "1754"]
[WhiteRD "50"]
[BlackElo "1702"]
[BlackRD "73"]
[GameID "360103"]

1. e4 e5 2. f4 exf4 3. Nf3 g5 4. Nc3 Nc6 5. g3 fxg3 6. hxg3 Bg7 7. d4 h6 8. Be3 d6 9. Be2 Bg4 10. Qd2 Nf6
11. O-O-O Qe7 12. Rdf1 Nxe4 13. Nxe4 Qxe4 14. Rh2 O-O-O 15. Rhf2 Rde8 16. d5 Nb4 17. Kb1 Nxc2 18. Qxc2 Qxe3 19. Bb5 Re7 20. Re1 Qxe1+
21. Nxe1 Rxe1+ 22. Qc1 Rxc1+ 23. Kxc1 f5 24. Bd3 Rf8 25. Kc2 Bd4 26. Re2 Bxe2
0-1

[Event "8 Player Open 3"]
[Site "SchemingMind.com"]
[Date "2014.06.17"]
[Round "-"]
[White "Derek Price"]
[Black "kenneth m day"]
[Result "1-0"]
[WhiteCountry "ENG"]
[BlackCountry "USA"]
[WhiteElo "2358"]
[WhiteRD "80"]
[BlackElo "1754"]
[BlackRD "50"]
[GameID "360104"]

1. d4 Nf6 2. c4 c5 3. Nf3 e6 4. e3 d5 5. Nc3 Nc6 6. cxd5 exd5 7. Be2 Be7 8. O-O O-O 9. b3 cxd4 10. Nxd4 a6
11. Bb2 Nxd4 12. Qxd4 Be6 13. Rfd1 Rc8 14. Bf3 Bc5 15. Qd3 Re8 16. g3 Re7 17. Rac1 Rd7 18. Na4 Ba7 19. Rxc8 Qxc8 20. Rc1 Rc7
21. Rxc7 Qxc7 22. Bxf6 gxf6 23. Nc3 b5 24. Nxd5 Qc1+ 25. Kg2 Kg7 26. Nf4 Qc8 27. Nh5+ Kh6 28. h4 Bh3+ 29. Kh2 Bf5 30. Qd6 Qe6
31. Qf8+
1-0

[Event "8 Player Open 3"]
[Site "SchemingMind.com"]
[Date "2014.06.17"]
[Round "-"]
[White "kenneth m day"]
[Black "Derek Price"]
[Result "0-1"]
[WhiteCountry "USA"]
[BlackCountry "ENG"]
[WhiteElo "1741"]
[WhiteRD "52"]
[BlackElo "2334"]
[BlackRD "83"]
[GameID "360105"]

1. e4 c5 2. Nc3 Nc6 3. f4 g6 4. Nf3 Bg7 5. Bc4 e6 6. f5 Nge7 7. d3 d5 8. Bb5 exf5 9. exd5 Nxd5 10. Qe2+ Be6
11. Bd2 O-O 12. Nxd5 Bxd5 13. O-O-O Qb6 14. a4 a6 15. Bxc6 Qxb2#
0-1

[Event "8 Player Open 3"]
[Site "SchemingMind.com"]
[Date "2014.06.18"]
[Round "-"]
[White "Shanks"]
[Black "kenneth m day"]
[Result "0-1"]
[WhiteCountry "ENG"]
[BlackCountry "USA"]
[WhiteElo "1378"]
[WhiteRD "64"]
[BlackElo "1669"]
[BlackRD "52"]
[GameID "360106"]

1. d4 Nf6 2. Nc3 d5 3. Nf3 g6 4. h3 Bg7 5. Bf4 O-O 6. e3 Nbd7 7. Be2 Nh5 8. Bh2 c6 9. g4 Nhf6 10. Bf1 Ne4
11. Ne2 Re8 12. Bg2 e6 13. O-O Ndf6 14. c3 b6 15. g5 Nh5 16. h4 Bh8 17. Ne5 Bb7 18. Ng4 Ba6 19. Nh6+ Kf8 20. Re1 Bg7
21. Ng4 f6 22. gxf6 Nexf6 23. Ne5 Bb7 24. Ng3 Nxg3 25. Bxg3 Nd7 26. Nxg6+ hxg6 27. Qf3+ Kg8 28. Qg4 Qf6 29. Bf4 Rf8 30. Bf3 Bc8
31. Kg2 Rf7 32. Rh1 e5 33. dxe5 Nxe5 34. Bxe5 Bxg4 35. Bxf6 Bxf3+ 36. Kxf3 Rxf6+ 37. Ke2 Raf8 38. Raf1 Rf5 39. f4 Rh5 40. Rfg1 Kf7
41. Rg5 Rfh8 42. Rxh5= Rxh5 43. a3 Bf6 44. Kf3 Rxh4 45. Rxh4 Bxh4 46. Kg4 Be1 47. Kg5 Bd2 48. Kg4 Bxe3 49. Kg5 Bc1 50. Kg4 Bxb2
51. f5 gxf5+ 52. Kxf5 Bxc3 53. Kg4 Kf6 54. a4 Ke5 55. Kg5 d4
0-1

[Event "8 Player Open 3"]
[Site "SchemingMind.com"]
[Date "2014.06.21"]
[Round "-"]
[White "kenneth m day"]
[Black "Shanks"]
[Result "1-0"]
[WhiteCountry "USA"]
[BlackCountry "ENG"]
[WhiteElo "1708"]
[WhiteRD "50"]
[BlackElo "1419"]
[BlackRD "69"]
[GameID "360107"]

1. e4 d6 2. f4 Nf6 3. Nc3 a6 4. d4 e6 5. Nf3 Be7 6. h3 Nbd7 7. Be3 c6 8. g4 Nb8 9. Be2 Nbd7 10. g5 Ng8
11. Qd2 g6 12. O-O-O b6 13. f5 exf5 14. exf5 Qc7 15. fxg6 fxg6 16. Ne4 d5 17. Bf4 Qb7 18. Ne5 Nf8 19. Ng3 Be6 20. Qc3 O-O-O
21. Nxc6 Rd7 22. Bxa6 Qxa6 23. Nb8+ Kd8 24. Nxa6 Ke8 25. Be5 Bxg5+ 26. Kb1 Bf6 27. Qc6 Bxe5 28. dxe5 Ne7 29. Nc7+ Kf7 30. Rdf1+ Kg7
31. Nxe6+ Kg8 32. Rxf8#
1-0

[Event "8 Player Open 3"]
[Site "SchemingMind.com"]
[Date "2014.06.17"]
[Round "-"]
[White "emvarela"]
[Black "kenneth m day"]
[Result "1-0"]
[WhiteCountry "ARG"]
[BlackCountry "USA"]
[WhiteElo "1686"]
[WhiteRD "48"]
[BlackElo "1657"]
[BlackRD "51"]
[GameID "360108"]

1. e4 d5 2. exd5 Nf6 3. c4 c6 4. dxc6 Nxc6 5. Nc3 e5 6. Be2 Bc5 7. d3 O-O 8. Bg5 Nd4 9. Nf3 Nxf3+ 10. Bxf3 Rb8
11. Ne4 Be7 12. Nxf6+ Bxf6 13. Bxf6 Qxf6 14. O-O Bf5 15. Be4 Rfd8 16. Qe2 Rd7 17. Qf3 Bxe4 18. Qxe4 Rd4 19. Qe3 Rbd8 20. Rad1 h6
21. Rd2 Qf5 22. Rfd1 Rf4 23. g3 Rfd4 24. b4 f6 25. Kg2 h5 26. Qf3 Qxf3+ 27. Kxf3 e4+ 28. Ke3 exd3 29. Rxd3 Rxd3+ 30. Rxd3 Rxd3+
31. Kxd3 Kf7 32. Kd4 Ke6 33. a4 Kd6 34. c5+ Kc6 35. b5+ Kd7 36. Kd5 Kc7 37. c6 bxc6+ 38. bxc6 a5 39. Kc5 g6 40. f4 g5
41. fxg5 fxg5 42. h3 g4 43. hxg4 hxg4 44. Kb5 Kd6 45. Kb6
1-0

[Event "8 Player Open 3"]
[Site "SchemingMind.com"]
[Date "2014.06.18"]
[Round "-"]
[White "Scooter"]
[Black "kenneth m day"]
[Result "0-1"]
[WhiteCountry "USA"]
[BlackCountry "USA"]
[WhiteElo "1759"]
[WhiteRD "45"]
[BlackElo "1754"]
[BlackRD "50"]
[GameID "360110"]

1. d4 Nf6 2. Nf3 d6 3. Bf4 g6 4. e3 Bg7 5. Be2 Nh5 6. Bg5 h6 7. Bh4 g5 8. Bg3 Nxg3 9. hxg3 O-O 10. Nc3 Bf5
11. Bd3 Bxd3 12. Qxd3 Nd7 13. Nxg5 Nf6 14. Nge4 c5 15. dxc5 Nxe4 16. Nxe4 Qa5+ 17. c3 dxc5 18. Qe2 f5 19. Qc4+ Kh8 20. Nxc5 Rac8
21. Nxb7 Qb6 22. Qb4 Qc6 23. f3 Rc7 24. Na5 Qe6 25. Qf4 Rd7 26. Nb3 Rd5 27. Nd4 Qb6 28. O-O-O Ra5 29. Nb3 Rxa2 30. Kc2 Rb8
31. Qc4 Qxe3 32. Rhe1 Qf2+ 33. Qe2 Qb6 34. Qe6 Qc7 35. Qxe7 Qxc3+
0-1

[Event "8 Player Open 3"]
[Site "SchemingMind.com"]
[Date "2014.06.17"]
[Round "-"]
[White "kenneth m day"]
[Black "Scooter"]
[Result "0-1"]
[WhiteCountry "USA"]
[BlackCountry "USA"]
[WhiteElo "1754"]
[WhiteRD "50"]
[BlackElo "1759"]
[BlackRD "45"]
[GameID "360111"]

1. e4 c6 2. c4 d5 3. cxd5 cxd5 4. exd5 Qxd5 5. d4 Nf6 6. Nc3 Qd8 7. Bc4 g6 8. Nf3 Nbd7 9. Bg5 Bg7 10. Qd2 O-O
11. O-O a6 12. Rfe1 b5 13. Bb3 Bb7 14. Ne5 e6 15. Rad1 Qc7 16. Re3 Nd5 17. Nxd5 Bxd5 18. Rc1 Qb7 19. Nf3 Bxb3 20. axb3 Rac8
21. Rec3 Rxc3 22. bxc3 Rc8 23. Bh6 Nf6 24. Qf4 Rxc3 25. Rxc3 Nd5 26. Qc1 Nxc3 27. Bxg7 Ne2+
0-1

[Event "8 Player Open 3"]
[Site "SchemingMind.com"]
[Date "2014.06.18"]
[Round "-"]
[White "capablanca"]
[Black "zygyzag"]
[Result "0-1"]
[WhiteCountry "GER"]
[BlackCountry "ENG"]
[WhiteElo "1664"]
[WhiteRD "77"]
[BlackElo "2237"]
[BlackRD "99"]
[GameID "360125"]

1. d4 d5 2. c4 e5 3. dxe5 d4 4. Nf3 Nc6 5. b3 Bb4+ 6. Bd2 Bxd2+ 7. Qxd2 Bg4 8. Qd3 Nh6 9. Nbd2 Bf5 10. e4 dxe3
11. Qxe3 Nb4 12. O-O-O Ng4 13. Qc5 Qd3 14. Qb5+ c6 15. Bxd3 Nxd3+ 16. Kb1 Ndxf2+
0-1

[Event "8 Player Open 3"]
[Site "SchemingMind.com"]
[Date "2014.06.18"]
[Round "-"]
[White "zygyzag"]
[Black "capablanca"]
[Result "1-0"]
[WhiteCountry "ENG"]
[BlackCountry "GER"]
[WhiteElo "2237"]
[WhiteRD "99"]
[BlackElo "1664"]
[BlackRD "77"]
[GameID "360126"]

1. Nf3 g6 2. e4 Bg7 3. d4 d6 4. Bc4 Nf6 5. Qe2 O-O 6. O-O Nc6 7. e5 dxe5 8. dxe5 Nd5 9. Rd1 e6 10. Bb5 Bd7
11. Bxc6 Bxc6 12. c4 Nf4 13. Bxf4
1-0

[Event "8 Player Open 3"]
[Site "SchemingMind.com"]
[Date "2014.06.17"]
[Round "-"]
[White "Derek Price"]
[Black "zygyzag"]
[Result "0-1"]
[WhiteCountry "ENG"]
[BlackCountry "ENG"]
[WhiteElo "2334"]
[WhiteRD "83"]
[BlackElo "2237"]
[BlackRD "99"]
[GameID "360127"]

1. d4 c6 2. Nf3 d6 3. e3 Nf6 4. Nbd2 Bf5 5. Nb3 e6 6. Be2 Nbd7 7. O-O a5 8. a4 d5 9. Nh4 Bg6 10. Nxg6 hxg6
11. g3 Bd6 12. c4 Ne4 13. Nd2 Ndf6 14. c5 Bc7 15. Nxe4 Nxe4 16. Bd3 f5 17. Qe2 g5 18. Bd2 Nxd2 19. Qxd2 Qf6 20. Ra3 g4
21. Bc2 Rh3 22. f4 gxf3 23. Rxf3 O-O-O 24. Rf2 Qh6 25. Rg2 Rh8 26. e4 fxe4 27. Bd1 Qxd2 28. Rxd2 Kb8 29. Bg4 R3h6 30. Re3 e5
31. dxe5 Bxe5 32. Ree2 Rg6 33. Bf5 Rg5 34. Be6 e3 35. Rd1 d4 36. Kg2 Bf6 37. Rc2 Rgh5 38. h4 Rd8 39. Bg4 Rhd5 40. Rd3 Be7
41. Bf3 Re5 42. Rc1 Bxc5 43. Kf1 Rf5 44. Ke2 Bb4 45. Rf1 c5 46. g4 Rf4 47. b3 Rdf8 48. Rdd1 Bd2
0-1